10 największych państw świata - Statystyki

Ogólne statystyki
  • Ten quiz został rozwiązany 57 razy
  • Średni wynik to 9 z 10
Statystyki odpowiedzi
Odpowiedź % Poprawnych
1 Rosja
100%
3 Chiny
98%
2 Kanada
98%
4 Stany Zjednoczone
98%
5 Brazylia
96%
7 Indie
94%
6 Australia
89%
8 Argentyna
85%
9 Kazachstan
79%
10 Algieria
57%
Nie znaleziono quizów pasujących do podanych kryteriów
Rozkład punktacji
Procent ludzi z każdym wynikiem
Percentyl według liczby udzielonych odpowiedzi
Twoja historia wyników
Nie rozwiązałeś tego quizu